| 000 | 00372nam a2200145Ia 4500 | ||
|---|---|---|---|
| 005 | 20260328104247.0 | ||
| 008 | 260328s9999||||xx |||||||||||||| ||und|| | ||
| 100 | _aChurch Urquhart, Leonard | ||
| 245 | 0 |
_aDesign of concrete Structures / _cLeonard Church Urquhart |
|
| 250 | _a4a ed. | ||
| 260 | _bFourth Edition | ||
| 300 | _a564 p. | ||
| 650 | _aCONCRETO | ||
| 942 | _cBK | ||
| 999 |
_c10096 _d10096 |
||